MDQL
is popping MORE tags! Check the
thread
!
Quizzes
Events
Quiz Creation
Community
Videos
Private Events
Remove Ads
Sign In
Join for FREE
Feedback
Dark Mode
Quiz Categories
Sports
Geography
Music
Movies
Television
Just For Fun
Miscellaneous
History
Literature
Language
Science
Gaming
Entertainment
Religion
Holiday
For Kids
Quiz Lab
Recent
Popular Today
Quiz Kudos Today
Editor Picks
Curator Picks
Quizzes by...
Day
Popularity
Type
Ratings
Length
Year
Community
Subscriptions
Recent Discussions
Orange Saloon
Badges
Playlists
Quests
Create
Leaderboards
Showdown
Live 5
Trivia Bingo
Activity
Puzzle Library
Sporcle Events
Private Events
Virtual Trivia
Globe League
Become a Host
Pub Owners
SporcleCon
Opinionation
Our Games
Videos
Blog
Mobile Apps
Partnerships
Remove Ads and Go Orange
Feedback
Sports
Athletes
MLB
NBA
NHL
NFL
Soccer
Sports Teams
WWE
NCAA
Football
Premier League
Basketball
Baseball
Hockey
Golf
Tennis
Cricket
Rugby
Auto Racing
Olympics
World Cup
Sports
Athletes
MLB
NBA
NHL
NFL
Soccer
Sports Teams
WWE
NCAA
Football
Premier League
Basketball
Baseball
Hockey
Golf
Tennis
Cricket
Rugby
Auto Racing
Olympics
World Cup
Random Quiz
Search Sporcle
×
Curator Pick
Curator Pick
Sports
Auto Racing
Type in answers that appear in a list
Type in answers that appear in a list
Classic
Best Score? Go Orange.
Indianapolis 500 Runner-Ups Stats
Can you name the Indianapolis 500 Runner-Ups?
By
tstewart14
15m
107 Questions
342 Plays
342 Plays
342 Plays
Comments
Comments
Give Quiz Kudos
Give Quiz Kudos
-
- Ratings
hide this ad
Replay
Link that replays current quiz
Next Quiz
Link to next quiz in quiz playlist
You Got
0%
They Got
Avg Score
51%
Avg Friend Score
Upgrade to see
Score Distribution
Jump to the score distribution portion of the page
Score
0/107
Timer
15:00
0
Plays Today
Year
Name
% Correct
2022
Pato O'Ward
100%
2020
Scott Dixon
98.6%
2006
Marco Andretti
92.7%
1991
Michael Andretti
92.7%
1985
Mario Andretti
92.7%
1981
Mario Andretti
92.7%
2023
Marcus Ericsson
92.3%
2019
Alexander Rossi
92%
1989
Al Unser Jr.
89.5%
1983
Al Unser
89.2%
1972
Al Unser
89.2%
1967
Al Unser
89.2%
1974
Bobby Unser
88.9%
2021
Alex Palou
88.9%
1979
A.J. Foyt
84.5%
1976
A.J. Foyt
84.5%
2014
Helio Castroneves
84.2%
2003
Helio Castroneves
84.2%
2017
Helio Castroneves
81.1%
1982
Rick Mears
79.5%
2012
Scott Dixon
78.7%
2007
Scott Dixon
78.7%
2015
Will Power
77.1%
2010
Dan Wheldon
76.9%
2009
Dan Wheldon
76.9%
2004
Tony Kanaan
75.4%
1988
Emerson Fittipaldi
75.1%
1995
Christian Fittipaldi
74.9%
1990
Bobby Rahal
71.9%
1996
Davy Jones
71.6%
1965
Parnelli Jones
71.3%
2011
J.R. Hildebrand
70.2%
1980
Tom Sneva
68.7%
1978
Tom Sneva
68.7%
1977
Tom Sneva
68.7%
1997
Scott Goodyear
68.4%
Year
Name
% Correct
1992
Scott Goodyear
68.4%
2002
Paul Tracy
68.1%
1975
Johnny Rutherford
68.1%
2000
Buddy Lazier
66.7%
1998
Buddy Lazier
66.7%
2018
Ed Carpenter
65.6%
2013
Carlos Munoz
64.9%
1966
Jimmy Clark
64.9%
1963
Jimmy Clark
64.9%
2016
Carlos Munoz
63%
2001
Gil de Ferran
62.9%
1973
Billy Vukovich Jr.
62.6%
1999
Jeff Ward
61.4%
1993
Arie Luyendyk
61.4%
1964
Rodger Ward
61.1%
1960
Rodger Ward
61.1%
1994
Jacques Villeneuve
60.2%
1987
Roberto Guerrero
57.6%
1984
Roberto Guerrero
57.6%
1970
Mark Donohue
57.6%
1986
Kevin Cogan
55.6%
1934
Mauri Rose
55.6%
2008
Vitor Meira
54.7%
2005
Vitor Meira
54.7%
1936
Ted Horn
52.6%
1938
Wilbur Shaw
52.3%
1935
Wilbur Shaw
52.3%
1933
Wilbur Shaw
52.3%
1929
Louis Meyer
48.8%
1959
Jim Rathmann
48.5%
1957
Jim Rathmann
48.5%
1952
Jim Rathmann
48.5%
1955
Tony Bettenhausen
47.1%
1969
Dan Gurney
46.8%
1968
Dan Gurney
46.8%
1961
Eddie Sachs
46.8%
Year
Name
% Correct
1971
Peter Revson
45.9%
1949
Johnnie Parsons
43.9%
1954
Jimmy Bryan
43.3%
1956
Sam Hanks
43%
1950
Bill Holland
41.5%
1948
Bill Holland
41.5%
1947
Bill Holland
41.5%
1915
Dario Resta
34.5%
1941
Rex Mays
32.5%
1940
Rex Mays
32.5%
1920
Rene Thomas
31%
1932
Howdy Wilcox II
28.9%
1931
Fred Frame
26.6%
1953
Art Cross
26%
1911
Ralph Mulford
25.1%
1926
Harry Hartz
23.7%
1923
Harry Hartz
23.7%
1922
Harry Hartz
23.7%
1962
Len Sutton
23.1%
1946
Jimmy Jackson
22.8%
1924
Earl Cooper
22.5%
1951
Mike Nazaruk
20.5%
1958
George Amick
19.3%
1914
Arthur Duray
19.3%
1925
Dave Lewis
18.7%
1937
Ralph Hepburn
18.4%
1939
Jimmy Snyder
17.5%
1928
Lou Moore
17%
1913
Spencer Wishart
15.5%
1912
Teddy Tetzlaff
15.2%
1921
Roscoe Sarles
14.6%
1919
Eddie Hearne
12.9%
1930
Shorty Cantlon
11.4%
1927
Earl DeVore
9.1%
1916
Wilbur D'Alene
9.1%
Quiz Playlist
Details
Report
Send in Message
Add To Playlist
Classic:
Type in answers that appear in a list
Quiz Source
Last Updated: Aug 27, 2023
Curator Pick in
Auto Racing
Quiz Scoreboard
CHALLENGE
Sign Up to Join the Scoreboard
Show All
Scores
Hide
Comments
May contain spoilers
Recently Published
1-10 Letter E Words III
by El_Dandy
Language
2m
Street Fighter Characters
by Artimus82
Gaming
60s
College Basketball Coaching Resumes
by pancakes188
Sports
9m
More to Explore
Quiz From the Vault
Featured Blog Post
Where Did the Easter Bunny Come From?
hide this ad
You Might Also Like...
Tags
Auto Racing Quiz
Indianapolis
Indy 500
Indycar
Racing
Racing Sports
Today's Top Quizzes in Sports
Browse Sports
hide this ad
Today's Top Quizzes in Auto Racing
Browse Auto Racing
Top Contributed Quizzes in Sports
1
2022 World Cup Stars
2
Les meilleurs buteurs des matchs entre le PSG et l’OM
3
FIFA Club World Cup Champions
4
Les entraîneurs de l'OM et du PSG au 21e siècle
5
Criteria MLB: Left Handed Sluggers
6
2023 MLB Unique Player Accomplishments
7
AFC Teams Reveal (Wrong Answers Minefield)
8
Players with Multiple 50 Home Run Seasons
9
5-to-1: FBS Animal Nicknames
10
5-to-1: UK Sports Teams
Explore More
Trending Topics
NBA
Kpop
Crossword
Disney
Harry Potter
Anime
Marvel
Pokémon
NFL
Puzzle
WWE
Song
Soccer
Country
The Office
hide this ad
More By:
tstewart14
Quiz
Plays
Rating
Category
Featured
Created
Bands With Number 1 Mainstream Rock Hits in the US
2,479
4.28
Music
May 26, 2012
Different Nationalities of Formula 1 Drivers
1,669
4.42
Sports
Jun 26, 2013
2015 NASCAR Sprint Cup Series Winners
1,208
5.00
Sports
Nov 23, 2015
NCAA Division I FBS Football Schools By Conference
998
4.17
Sports
Dec 2, 2013
2016 Daytona 500 Drivers
893
4.67
Sports
Feb 22, 2016
Go to Creator's Profile
Score Distribution
Quiz Creator Spotlight
tstewart14
Follow
Send a Message
Quizzes Created
-
Created Quiz Play Count
-
More By This Creator
Popular Quizzes Today
1
Find the US States - No Outlines Minefield
2
Find the Countries of Europe - No Outlines Minefield
3
The Countries of the World
4
Find the US States
5
Risky Map Clicking: Biggest States A-Z
6
US States
7
Popular People in 1961
8
Movies - When Are They Set?
More Sports Quizzes
2018-19 Juventus Squad
Quiz Lab
Trending Quizzes
Risky Map Clicking: Least Populous States A-Z
1-10 Letter G Words
1-10 Letter F Words
Countries of the World: 200 Million BC
Risky Map Clicking: Next State Alphabetically
Recently Updated
Beyoncé Albums
pecheneg
Leaping Animals
pecheneg
Reality TV Shows (A-Z)
bhenderson79
Rickey Henderson's Hall of Fame Teammates
pecheneg
Champions League XIs: Arsenal
pecheneg
Quick Pick: Celebrities in WWE's Hall of Fame
aduchscher
A-Z Keypad Blitz II
pecheneg
Multiple Oscar Actors
pecheneg
Mystery Phrase Blitz: Oscar 'Best Actors'
pecheneg
F. Scott Fitzgerald Novels
LTH
Trending Topics
Kpop
Disney
Marvel
Anime
Harry Potter
Crossword
NBA
The Office
Soccer
NFL
WWE
Puzzle
Pokémon
Country
Song
Your Account Isn't Verified!
In order to create a playlist on Sporcle, you need to verify the email address you used during registration. Go to your
Sporcle Settings
to finish the process.
Report this User
Report this user for behavior that violates our
Community Guidelines
.
Details:
Send Report
Go to the Sporcle.com Mobile Site →
Comments